8-Letter Cities Match (A-Z) Quiz Stats

 Plays Quiz Updated Apr 9, 2018

Challenge
Share
Tweet
Score 0/26 Timer 04:00
1 Play Today
% Correct
Honolulu
97.4%
Istanbul
97.1%
Budapest
96.6%
Edmonton
94.1%
Yokohama
92.6%
Aberdeen
92%
Damascus
91%
Salzburg
90.2%
Toulouse
89.9%
Freiburg
89.5%
Xiangtan
89.5%
Pretoria
88.9%
Veracruz
82.2%
% Correct
Zaragoza
68.6%
Waalwijk
64.7%
Chisinau
61.3%
N'Djamena
55.6%
Lilongwe
54.4%
Jayapura
52.3%
Mechelen
52.1%
Gaborone
51.2%
Risalpur
37.6%
Kuhdasht
28.6%
Olongapo
24.3%
Qalqilya
23.9%
Uluberia
8.9%

You're not logged in!

Compare scores with friends on all Sporcle quizzes.
OR
Log In

You Might Also Like...

Show Comments

Extras

Top Quizzes Today


Score Distribution

Your Account Isn't Verified!

In order to create a playlist on Sporcle, you need to verify the email address you used during registration. Go to your Sporcle Settings to finish the process.

Report this User

Report this user for behavior that violates our Community Guidelines.

Details: